banner-ar

الموسوعة المصرفية العلمية و العملية / (Record no. 61323)

MARC details
000 -الفاتح
حقل البيانات ثابتة الطول 02263nam a22003377a 4500
005 - وقت وتاريخ اخر تعامل مع التسجيلة
رقم الضبط 20240530110454.0
008 - عناصر البيانات ثابتة الطول - معلومات عامة
حقل البيانات ثابتة الطول 150527s2011 ua a g b 000 0 ara d
017 ## - رقم الايداع القانونى
رقم الايداع القانونى 9789773771307 ( مج 1 )
المصدر ( الهيئة المختصة) مصر . دار الكتب المصرية
017 ## - رقم الايداع القانونى
رقم الايداع القانونى 9789773771314 ( مج 2 )
040 ## - مصدر الفهرسة
وكالة الفهرسة الأصلية EG-CaGPL
082 04 - رقم تصنيف ديوى العشرى
رقم الطبعة 21
رقم التصنيف 332.1\
رقم المادة ص م
100 0# - المدخل الرئيسى - إسم شخصى
الإسم الشخصى صلاح الدين حسن السيسى .
245 12 - بيان العنوان
العنوان الموسوعة المصرفية العلمية و العملية /
بيان المسئوليه,etc صلاح الدين حسن السيسى .
رقم الجزء/قسم العمل الجزء الاول
اسم جزء/قسم العمل اهمية و انواع البنوك و تطوير الجهاز المصرفى المصرى وهيكله و ادارته : مصادر اموال البنوك و استخداماتها و ايرادات و مصروفات البنوك : الحسابات و الخدمات المصرفية و المخاطر المصرفية .
رقم الجزء/قسم العمل الجزء الثانى
اسم جزء/قسم العمل نظم المحاسبة و الرقابة المصرفية و تقييم اداء البنوك : البنوك الاسلامية و البنوك الشاملة و البنك المركزى المصرى : البنوك و البورصات و الخصخصة و التمويل العقارى و دراسات الجدوى الاقتصادية و تقييم المشروعات : البنوك و منظمة التجارة العالمية و تحرير الخدمات المالية و غسيل الاموال و الازمات المالية والاقتصادية العالمية
250 ## - بيان الطبعة
بيان الطبعة ط1.
260 ## - PUBLICATION, DISTRIBUTION, ETC. (IMPRINT)
تاريخ النشر أو التوزيع 2011.
300 ## - الوصف المادى
التعداد 2 مج :
تفاصيل ماديه اخرى للوعاء ايض ؛
أبعاد الوعاء 24 سم.
650 04 - المدخل الاضافى بالموضوع-مصطلح موضوعى
مصطلح موضوعي البنوك .
650 04 - المدخل الاضافى بالموضوع-مصطلح موضوعى
مصطلح موضوعي غسيل الاموال .
650 04 - المدخل الاضافى بالموضوع-مصطلح موضوعى
مصطلح موضوعي منظمة التجارة العالمية .
650 04 - المدخل الاضافى بالموضوع-مصطلح موضوعى
مصطلح موضوعي التمويل العقارى .
650 04 - المدخل الاضافى بالموضوع-مصطلح موضوعى
مصطلح موضوعي الخصخصة .
650 04 - المدخل الاضافى بالموضوع-مصطلح موضوعى
مصطلح موضوعي البنك المركزى المصرى .
650 04 - المدخل الاضافى بالموضوع-مصطلح موضوعى
مصطلح موضوعي البنوك الشاملة .
650 04 - المدخل الاضافى بالموضوع-مصطلح موضوعى
مصطلح موضوعي البنوك الاسلامية .
650 04 - المدخل الاضافى بالموضوع-مصطلح موضوعى
مصطلح موضوعي البنوك
التقسيم الفرعي العام مواصفات الامان .
650 04 - المدخل الاضافى بالموضوع-مصطلح موضوعى
مصطلح موضوعي البنوك
التقسيم الفرعي الجغرافي مصر
650 04 - المدخل الاضافى بالموضوع-مصطلح موضوعى
مصطلح موضوعي البنوك
التقسيم الفرعي العام تنظيم و ادارة.
650 04 - المدخل الاضافى بالموضوع-مصطلح موضوعى
مصطلح موضوعي الحماية المصرفية .
942 ## - عناصر المدخل الإضافي( كوها)
مصدر التصنيف او مخطط الترفيف Dewey Decimal Classification
Koha [default] item type كتاب
260 ## - PUBLICATION, DISTRIBUTION, ETC. (IMPRINT)
-- القاهرة :
-- مجموعة النيل العربية ،
Holdings
حالة التراجع حالة الفقد حالة تلف ليس للاعارة المكان المؤقت الموقع الحالى تاريخ الاكتساب اجمالي اﻻعارات رقم الطلب الباركود تاريخ اخر مشاهدة تاريخ تفعيل السعر نوع وعاء كوها
        مكتبة القاهرة الكبرى مكتبة القاهرة الكبرى 05/27/2015   332.1\ ص م 160591 05/27/2015 05/27/2015 كتاب
        مكتبة القاهرة الكبرى مكتبة القاهرة الكبرى 05/27/2015   332.1\ ص م 160592 05/27/2015 05/27/2015 كتاب

Powered By

EGPV